Places To Study
There are group study rooms, individual study carrels, computer labs, and other spaces to study in the Libraries.
Reserve A Group Room| 000 -LEADER | |
|---|---|
| fixed length control field | 00931nam a22002057a 4500 |
| 003 - CONTROL NUMBER IDENTIFIER | |
| control field | OSt |
| 005 - DATE AND TIME OF LATEST TRANSACTION | |
| control field | 20251128134054.0 |
| 008 - FIXED-LENGTH DATA ELEMENTS--GENERAL INFORMATION | |
| fixed length control field | 251128b |||||||| |||| 00| 0 eng d |
| 040 ## - CATALOGING SOURCE | |
| Transcribing agency | DCL |
| 082 ## - DEWEY DECIMAL CLASSIFICATION NUMBER | |
| Classification number | ၂၉၄.၃၈၂၄ |
| 130 ## - MAIN ENTRY--UNIFORM TITLE | |
| Uniform title | တိပိဋက။ |
| Name of part/section of a work | အဘိဓမ္မာပိဋက။ |
| Title of a work | ပဥ္စပကရဏ၊ |
| Language of a work | အဋ္ဌကထာ။ |
| 245 ## - TITLE STATEMENT | |
| Title | ပဥ္စပကရဏအဋ္ဌကထာ။ |
| 264 ## - PRODUCTION, PUBLICATION, DISTRIBUTION, MANUFACTURE, AND COPYRIGHT NOTICE | |
| Place of production, publication, distribution, manufacture | ရန်ကုန် ၊ |
| Name of producer, publisher, distributor, manufacturer | သာသနာရေးဦးစီး၊ |
| Date of production, publication, distribution, manufacture, or copyright notice | ၁၉၉၁။ |
| 300 ## - PHYSICAL DESCRIPTION | |
| Extent | ၅၂၆ စာမျက်နှာ ၊ |
| Dimensions | ၂၅ စင်တီ။ |
| 650 ## - SUBJECT ADDED ENTRY--TOPICAL TERM | |
| Topical term or geographic name entry element | ပဥ္စပကရဏ |
| Form subdivision | အဋ္ဌကထာ။ |
| 650 ## - SUBJECT ADDED ENTRY--TOPICAL TERM | |
| Topical term or geographic name entry element | ဓာတုကထာ |
| Form subdivision | အဋ္ဌကထာ။ |
| 650 ## - SUBJECT ADDED ENTRY--TOPICAL TERM | |
| Topical term or geographic name entry element | ပုဂ္ဂလပညတ် |
| Form subdivision | အဋ္ဌကထာ။ |
| 650 ## - SUBJECT ADDED ENTRY--TOPICAL TERM | |
| Topical term or geographic name entry element | ကထာဝတ္ထု |
| Form subdivision | အဋ္ဌကထာ။ |
| 942 ## - ADDED ENTRY ELEMENTS (KOHA) | |
| Source of classification or shelving scheme | Dewey Decimal Classification |
| Koha item type | Short Term |
| Suppress in OPAC | No |
| Withdrawn status | Lost status | Source of classification or shelving scheme | Damaged status | Not for loan | Collection | Accession No. | Home library | Current library | Shelving location | Date acquired | Total checkouts | Full call number | Barcode | Date last seen | Price effective from | Koha item type |
|---|---|---|---|---|---|---|---|---|---|---|---|---|---|---|---|---|
| Dewey Decimal Classification | Myanmar Pitaka Collection | ၂၅၄၇ | Dhammadhara | Dhammadhara | Myanmar Pitaka Shelves | 28/11/2025 | ၂၉၄.၃၈၂၄ အဘိ ၂၅၄၇ | MB00002547 | 28/11/2025 | 28/11/2025 | Short Term |